| 000 | 00462nam a22001697a 4500 | ||
|---|---|---|---|
| 999 |
_c131506 _d131506 |
||
| 005 | 20230829113034.0 | ||
| 008 | 230829b ||||| |||| 00| 0 eng d | ||
| 040 | _cPK-LaUMT | ||
| 082 |
_a891.4393 _bRAZ-M |
||
| 100 | _aRazia Butt = رضیہ بٹ | ||
| 245 |
_aMahrukh = ماہ رخ/ _cby Razia Butt = رضیہ بٹ |
||
| 260 |
_aLahore : _bMaqbool Academy, _cNA |
||
| 300 | _a302 p. | ||
| 650 | _aUrdu literature | ||
| 650 | _aUrdu fiction | ||
| 942 | _cBK | ||